000 00440nam a2200169Ia 4500
008 220531s9999 xx 000 0 und d
041 _amar
100 _aगिरी कुसुम
_948509
245 _aशिक्षा का समाजशास्‍त्र
250 _a1ST
260 _bRawat
_c1997
300 _a231
542 _d31-03-2006
650 _aSociology
_948510
906 _d2005-2006
999 _c28382
_d28382